Habit- Louis Tomlinson (all lyrics) - Statistics

General Stats
  • This quiz has been taken 205 times
  • The average score is 241 of 291
Answer Stats
Hint Answer % Correct
Verse 1 | Verse 2 I
99%
you
99%
Bridge You
99%
the
97%
can't
96%
habit
96%
that
96%
that,
96%
That
96%
your
96%
break
95%
Chorus | Chorus/Outro You're
95%
me?
93%
me
93%
me,
93%
no
91%
be
90%
so
90%
to
90%
in
89%
In
89%
always
88%
from
87%
It
87%
it
87%
and
86%
And
86%
of
85%
Of
85%
feelin'
84%
need
83%
come
82%
Come
82%
down
81%
said
81%
know
80%
I'd
79%
I'm
79%
shake
79%
now
78%
up
78%
eventually
77%
But
76%
did
75%
mess
75%
right
75%
what
75%
anymore
74%
give
74%
It's
74%
put
74%
were
74%
been
72%
knew
72%
out
72%
Princess
72%
Park
71%
told
71%
I'll
70%
shiver
70%
expect
69%
another
68%
chance
68%
surprise
68%
door
67%
far
67%
as
65%
front
65%
miss
65%
already
63%
ages,
62%
you'd
62%
heart
61%
different
60%
stages
60%
thought
60%
truth
60%
would
60%
Pre-Chorus Never
58%
advance
57%
shouldn't
56%
don't
55%
hard
55%
high
55%
mentally
54%
time
54%
addictive
53%
have
52%
missing
51%
some
51%
ya
51%
giving
50%
God,
50%
I've
50%
was
49%
let
46%
'cause
45%
someone
45%
supposed
45%
took
44%
energy
43%
heard
41%
honestly,
41%
sorry
41%
choose
40%
playing
40%
ran
39%
with
37%
space
36%
control
34%
better
33%
guess
26%
No matching quizzes found
Score Distribution
Percent of People with Each Score
Percentile by Number Answered
Your Score History
You have not taken this quiz